00381pab a2200157 454500008004000000100002200040245003900062260000900101300001300110362001100123650001300134650000800147650001600155700001800171773003400189180718b2017 xxu||||| |||| 00| 0 eng d aBanerjee, Sudipto aSmall businesses in the GST regime c2017 ap.18-22. a23 Sep aTaxation aGST aEnterprises aPrasad, Sonia aEconomic and Political Weekly